Statistics for Square Root of Two - 100 Digits

Click here to take the quiz!

General Stats

  • This quiz has been taken 61 times
    (39 since last reset)
  • The average score is 25 of 100

Answer Stats

Answer% Correct
1.
100%
4
87%
1
80%
1
80%
2
80%
4
80%
3
73%
5
73%
6
73%
2
67%
3
67%
7
67%
0
60%
0
60%
3
60%
4
60%
5
60%
8
60%
9
60%
0
47%
1
47%
6
47%
8
47%
2
40%
2
40%
4
40%
7
40%
8
40%
8
40%
0
33%
0
27%
5
27%
6
27%
7
27%
8
27%
8
27%
9
27%
9
27%
6
20%
9
20%
1
13%
6
13%
7
13%
7
13%
8
13%
0
7%
0
7%
0
7%
0
7%
0
7%
1
7%
1
7%
1
7%
2
7%
2
7%
2
7%
2
7%
3
7%
3
7%
3
7%
3
7%
3
7%
3
7%
3
7%
3
7%
4
7%
4
7%
4
7%
4
7%
4
7%
5
7%
5
7%
5
7%
5
7%
6
7%
6
7%
6
7%
6
7%
6
7%
7
7%
7
7%
7
7%
7
7%
7
7%
7
7%
7
7%
7
7%
7
7%
7
7%
7
7%
7
7%
8
7%
8
7%
8
7%
8
7%
8
7%
9
7%
9
7%
9
7%
9
7%

Score Distribution

Percentile by Number Answered

Percent of People with Each Score

Your Score History

You have not taken this quiz since the last reset